Online Catalogue and eLibrary

Tools for the field (Record no. 2814)

MARC details
000 -LEADER
fixed length control field 00460nam a2200169Ia 4500
005 - DATE AND TIME OF LATEST TRANSACTION
control field 20240426045633.0
008 - FIXED-LENGTH DATA ELEMENTS--GENERAL INFORMATION
fixed length control field 240331s9999 xx 000 0 und d
020 ## - INTERNATIONAL STANDARD BOOK NUMBER
ISBN 1565490282
082 ## - DDC Classification
Item Number - Author Mark TOO
Class No. 331.4
100 ## - MAIN ENTRY--PERSONAL NAME
Personal name Feldstein, H.S. ed
245 #0 - TITLE STATEMENT
Title Tools for the field
Remainder of title Methodologies Handbook for Gender Analysis in Agriculture
260 ## - PUBLICATION, DISTRIBUTION, ETC.
Place of publication, distribution, etc. West Hartford
Name of publisher, distributor, etc. Kumarian press
Date of publication, distribution, etc. 1994
300 ## - PHYSICAL DESCRIPTION
Extent (e.g. Volumes, Pages etc.) xvi, p .,
650 ## - SUBJECT ADDED ENTRY--TOPICAL TERM
Topical term or geographic name entry element Women
650 ## - SUBJECT ADDED ENTRY--TOPICAL TERM
Topical term or geographic name entry element Gender
942 ## - Koha item type (Biblio)
Koha item type Books in Stacks (Lending)
Holdings
Lost status Damaged status Collection code Home library Current library Shelving location Date acquired Full call number Accession Number Item type
    Lending WERC Library WERC Library Social Science Cupboard 03/31/2024 331.4 TOO 3950 Books in Stacks (Lending)

© WERC Library